Mechanics of Materials (Record no. 594826)
[ view plain ]
| 000 -LEADER | |
|---|---|
| fixed length control field | 00484nam a22001577a 4500 |
| 020 ## - INTERNATIONAL STANDARD BOOK NUMBER | |
| International Standard Book Number | 9789339217624 |
| 040 ## - CATALOGING SOURCE | |
| Transcribing agency | NUST |
| 082 ## - DEWEY DECIMAL CLASSIFICATION NUMBER | |
| Classification number | 620.112 BEE |
| 100 ## - MAIN ENTRY--PERSONAL NAME | |
| Personal name | Beer, Ferdinand P. |
| 110 ## - MAIN ENTRY--CORPORATE NAME | |
| Corporate name or jurisdiction name as entry element | Johnston, E. Russell. DeWolf , John T. Mazurek, David F. Sanghi, Sanjeev |
| 9 (RLIN) | 112485 |
| 245 ## - TITLE STATEMENT | |
| Title | Mechanics of Materials |
| 250 ## - EDITION STATEMENT | |
| Edition statement | 7th Edition |
| 260 ## - PUBLICATION, DISTRIBUTION, ETC. | |
| Place of publication, distribution, etc. | New Dehli: |
| Name of publisher, distributor, etc. | McGraw Hill Education, |
| Date of publication, distribution, etc. | 2017. |
| 650 ## - SUBJECT ADDED ENTRY--TOPICAL TERM | |
| Topical term or geographic name entry element | TEXTBOOKS-MTS.MECHANICS OF MATERIALS |
| 9 (RLIN) | 112945 |
| 942 ## - ADDED ENTRY ELEMENTS (KOHA) | |
| Source of classification or shelving scheme | |
| Koha item type | Text Books |
| Withdrawn status | Lost status | Source of classification or shelving scheme | Damaged status | Not for loan | Permanent Location | Current Location | Shelving location | Date acquired | Full call number | Barcode | Date last seen | Price effective from | Koha item type |
|---|---|---|---|---|---|---|---|---|---|---|---|---|---|
| College of Electrical & Mechanical Engineering (CEME) | College of Electrical & Mechanical Engineering (CEME) | Text Books | 05/22/2023 | 620.112 BEE | CEME-48697 | 05/22/2023 | 05/22/2023 | Reference | |||||
| College of Electrical & Mechanical Engineering (CEME) | College of Electrical & Mechanical Engineering (CEME) | Text Books | 05/22/2023 | 620.112 BEE | CEME-48698 | 05/22/2023 | 05/22/2023 | Reference | |||||
| College of Electrical & Mechanical Engineering (CEME) | College of Electrical & Mechanical Engineering (CEME) | Text Books | 05/22/2023 | 620.112 BEE | CEME-48699 | 05/22/2023 | 05/22/2023 | Reference | |||||
| College of Electrical & Mechanical Engineering (CEME) | College of Electrical & Mechanical Engineering (CEME) | Text Books | 05/22/2023 | 620.112 BEE | CEME-48700 | 05/22/2023 | 05/22/2023 | Reference |
